| Art - Music/Opera | 6 | 15.00 | 83% | 33% | 33% |
| Art - Other | 6 | 13.33 | 17% | 67% | 50% |
| Art - Painting/Sculpture | 8 | 15.00 | 50% | 50% | 50% |
| Art - Visual | 3 | 10.00 | 0% | 67% | 33% |
| Current Events/Modern World - Rest of world social | 1 | 20.00 | 100% | 0% | 100% |
| History - American | 8 | 12.50 | 38% | 63% | 25% |
| History - European | 6 | 15.00 | 17% | 67% | 67% |
| History - Other | 6 | 13.33 | 33% | 67% | 33% |
| History - World | 7 | 15.71 | 43% | 71% | 43% |
| Literature - American any | 1 | 10.00 | 0% | 100% | 0% |
| Literature - American long fiction | 3 | 10.00 | 0% | 33% | 67% |
| Literature - American poetry | 3 | 13.33 | 67% | 33% | 33% |
| Literature - American short fiction | 1 | 10.00 | 0% | 100% | 0% |
| Literature - British any | 2 | 15.00 | 100% | 50% | 0% |
| Literature - British drama | 1 | 10.00 | 0% | 100% | 0% |
| Literature - British short fiction | 1 | 20.00 | 0% | 100% | 100% |
| Literature - European any | 1 | 10.00 | 0% | 100% | 0% |
| Literature - European long fiction | 4 | 15.00 | 25% | 50% | 75% |
| Literature - European poetry | 1 | 20.00 | 0% | 100% | 100% |
| Literature - World/Misc any | 3 | 13.33 | 67% | 33% | 33% |
| Literature - World/Misc long fiction | 3 | 20.00 | 67% | 33% | 100% |
| Literature - World/Misc poetry | 2 | 10.00 | 50% | 0% | 50% |
| Literature - World/Misc short fiction | 2 | 15.00 | 50% | 50% | 50% |
| Mythology - Americas | 1 | 30.00 | 100% | 100% | 100% |
| Mythology - Egyptian | 1 | 20.00 | 0% | 100% | 100% |
| Mythology - Greco/Roman | 3 | 6.67 | 33% | 0% | 33% |
| Mythology - Mixed/Any | 1 | 10.00 | 100% | 0% | 0% |
| Mythology - Norse | 1 | 10.00 | 0% | 0% | 100% |
| Other Academic/Cross-Category - Any | 2 | 5.00 | 0% | 50% | 0% |
| Philosophy - 20th century | 1 | 10.00 | 0% | 0% | 100% |
| Philosophy - Mixed/Any | 1 | 20.00 | 0% | 100% | 100% |
| Philosophy - Pre-20th | 1 | 10.00 | 0% | 100% | 0% |
| Religion - Buddhism | 1 | 20.00 | 0% | 100% | 100% |
| Religion - Christianity/Judaism | 2 | 10.00 | 0% | 100% | 0% |
| Religion - Hinduism | 2 | 15.00 | 50% | 0% | 100% |
| Religion - Mixed/Any | 3 | 10.00 | 33% | 67% | 0% |
| Science - Biology | 8 | 13.75 | 25% | 63% | 50% |
| Science - Chemistry | 6 | 15.00 | 33% | 67% | 50% |
| Science - Compsci | 1 | 30.00 | 100% | 100% | 100% |
| Science - Earth | 1 | 10.00 | 0% | 100% | 0% |
| Science - Other | 4 | 17.50 | 75% | 50% | 50% |
| Science - Physics | 6 | 15.00 | 67% | 33% | 50% |
| Social Science - Economics | 1 | 20.00 | 0% | 100% | 100% |
| Social Science - Linguistics | 1 | 20.00 | 100% | 100% | 0% |
| Social Science - Mixed/Any | 2 | 15.00 | 50% | 50% | 50% |
| Social Science - Sociology | 1 | 10.00 | 0% | 0% | 100% |